[Event "Buenos Aires ProAm op 26th"]
[Site "Buenos Aires"]
[Date "2019.10.08"]
[Round "3"]
[White "Scarella, Enrique Alejandro"]
[Black "Radoszta, Armando Esteban"]
[Result "1-0"]
[WhiteElo "2281"]
[BlackElo "1859"]
[PlyCount "63"]
[EventDate "2019.10.06"]
[EventType "team-swiss"]
[EventRounds "8"]
[EventCountry "ARG"]
[SourceTitle "CBM 192 Extra"]
[Source "Chessbase"]
[SourceDate "2019.11.06"]
[SourceVersion "1"]
[SourceVersionDate "2019.11.06"]
[SourceQuality "1"]

1. d4 d5 2. c4 c6 3. Nf3 Nf6 4. Nc3 e6 5. e3 Nbd7 6. Bd3 dxc4 7. Bxc4 b5 8. Bd3 Bb7 9. a3 a6 10. b4 a5 11. Rb1 Be7 12. 0-0 0-0 13. Qc2 Re8 14. Ne5 Nf8 15. Bd2 Bd6 16. Ne4 Nxe4 17. Bxe4 Bxe5 18. dxe5 a4 19. Bc3 h6 20. Rfd1 Qc7 21. Rd6 f5 22. Bf3 Qf7 23. Bxc6 Rec8 24. Bxb7 Qxb7 25. Qd3 Rc4 26. h3 Rac8 27. Bd4 R8c6 28. Rd8 Rc8 29. Bc5 Qc7 30. Rd1 Rxd8 31. Qxd8 Qf7 32. Qb8 1-0

[Event "Buenos Aires ProAm op 26th"]
[Site "Buenos Aires"]
[Date "2019.10.06"]
[Round "1"]
[White "Radoszta, Armando Esteban"]
[Black "Perez Candelas, Andres Eloy"]
[Result "0-1"]
[WhiteElo "1859"]
[BlackElo "2297"]
[PlyCount "110"]
[EventDate "2019.10.06"]
[EventType "team-swiss"]
[EventRounds "8"]
[EventCountry "ARG"]
[SourceTitle "CBM 192 Extra"]
[Source "Chessbase"]
[SourceDate "2019.11.06"]
[SourceVersion "1"]
[SourceVersionDate "2019.11.06"]
[SourceQuality "1"]

1. e4 Nf6 2. Nc3 d6 3. d4 g6 4. f3 Nbd7 5. Be3 a6 6. Qd2 b5 7. a3 Bb7 8. Nge2 h5 9. h4 Bg7 10. Nf4 Rc8 11. Rd1 0-0 12. Nd3 Kh7 13. Qf2 Nb6 14. Be2 Nc4 15. Bc1 c6 16. g4 Qb6 17. e5 dxe5 18. dxe5 Qxf2+ 19. Kxf2 Nd7 20. gxh5 gxh5 21. f4 c5 22. Rh3 e6 23. Bxh5 f6 24. Bg4 fxe5 25. Bxe6 exf4 26. Nxf4 Bd4+ 27. Rxd4 cxd4 28. Nce2 Nce5 29. Nxd4 Be4 30. Bxd7 Nxd7 31. c3 Nc5 32. Ke2 Rce8 33. Be3 Rg8 34. Kd2 Bg2 35. Rh2 Ne4+ 36. Kd3 Bf1+ 37. Kc2 Bc4 38. Bc1 a5 39. b3 Bf7 40. Nxb5 Rg1 41. a4 Rf1 42. Re2 Bxb3+ 43. Kxb3 Rxc1 44. Kb2 Rf1 45. Nd5 Kg6 46. Nd4 Rb8+ 47. Kc2 Nc5 48. Nb5 Nxa4 49. Re6+ Kf7 50. Re7+ Kf8 51. Nd4 Rb2+ 52. Kd3 Rd1+ 53. Kc4 Nb6+ 54. Nxb6 Kxe7 55. Kc5 Rh1 0-1

[Event "ARG-ch sf 90th"]
[Site "Buenos Aires"]
[Date "2015.08.20"]
[Round "1"]
[White "Pierrot, Juan Facundo"]
[Black "Radoszta, Armando Esteban"]
[Result "1-0"]
[WhiteElo "2372"]
[BlackElo "1992"]
[PlyCount "51"]
[EventDate "2015.08.20"]
[EventType "swiss"]
[EventRounds "9"]
[EventCountry "ARG"]
[SourceTitle "EXT 2016"]
[Source "ChessBase"]
[SourceDate "2015.10.08"]
[SourceVersion "1"]
[SourceVersionDate "2015.10.08"]
[SourceQuality "1"]

1. e4 c5 2. Nf3 Nc6 3. d4 cxd4 4. Nxd4 Nf6 5. Nc3 e6 6. Nxc6 bxc6 7. e5 Nd5 8. Ne4 Qc7 9. f4 Be7 10. c4 Nb6 11. Nd6+ Bxd6 12. exd6 Qd8 13. Qd4 0-0 14. Bd3 Qh4+ 15. g3 Qh3 16. b3 Bb7 17. Qc5 Qg2 18. Rg1 Qf3 19. Be3 Rae8 20. Kd2 g6 21. Raf1 Qh5 22. Qxh5 gxh5 23. f5 exf5 24. Bh6 Re6 25. Bxf8 Kxf8 26. Rxf5 1-0

[Event "ARG-ch 87th"]
[Site "Villa Martelli"]
[Date "2013.04.10"]
[Round "8"]
[White "Radoszta, Armando Esteban"]
[Black "Ferrara, Alexis"]
[Result "0-1"]
[WhiteElo "1998"]
[BlackElo "2195"]
[PlyCount "84"]
[EventDate "2013.04.03"]
[EventType "swiss"]
[EventRounds "11"]
[EventCountry "ARG"]
[SourceTitle "CBM 153 Extra"]
[Source "ChessBase"]
[SourceDate "2013.04.22"]
[SourceVersion "1"]
[SourceVersionDate "2013.04.22"]
[SourceQuality "1"]

1. e4 c5 2. Nf3 e6 3. d4 cxd4 4. Nxd4 Qb6 5. Nb3 Qc7 6. Nc3 a6 7. a3 b5 8. Be3 Bb7 9. Bd3 Nf6 10. 0-0 d6 11. Qe2 Nbd7 12. Rad1 Be7 13. f4 e5 14. Qf3 0-0 15. Rd2 Rfe8 16. f5 d5 17. Nxd5 Bxd5 18. exd5 e4 19. Bxe4 Nxe4 20. Qxe4 Bg5 21. Qxe8+ Rxe8 22. Bxg5 Re4 23. d6 Qb6+ 24. Kh1 h6 25. Bf4 b4 26. Bg3 a5 27. axb4 Qxb4 28. Rd3 a4 29. Nd2 Re2 30. Rb1 Rxd2 31. Be1 Qc4 32. Bxd2 Qxc2 33. Ra1 Qxd3 34. Bb4 Qxf5 35. Ba3 f6 36. h3 Kf7 37. Rc1 Ke6 38. Rc8 h5 39. Ra8 Qf1+ 40. Kh2 Qf4+ 41. Kh1 g5 42. Re8+ Kd5 0-1

[Event "Villa Martelli Rubinstein op"]
[Site "Villa Martelli"]
[Date "2011.08.03"]
[Round "3"]
[White "Radoszta, Armando Esteban"]
[Black "Ariganello, Sebastian"]
[Result "0-1"]
[WhiteElo "2077"]
[BlackElo "1860"]
[PlyCount "78"]
[EventDate "2011.08.01"]
[EventType "swiss"]
[EventRounds "9"]
[EventCountry "ARG"]
[SourceTitle "EXT 2012"]
[Source "ChessBase"]
[SourceDate "2011.11.24"]
[SourceVersion "1"]
[SourceVersionDate "2011.11.24"]
[SourceQuality "1"]

1. e4 c5 2. Nf3 Nc6 3. d4 cxd4 4. Nxd4 g6 5. Nc3 Bg7 6. Be3 Nf6 7. Be2 0-0 8. f4 d6 9. 0-0 Bd7 10. Rb1 Rc8 11. Kh1 a6 12. a4 Nxd4 13. Bxd4 Bc6 14. Bf3 b5 15. axb5 axb5 16. Qd3 Qd7 17. b4 Qb7 18. Rbe1 Nd7 19. e5 Bxf3 20. Rxf3 Rc4 21. Na2 dxe5 22. fxe5 Qd5 23. Bc3 Nb6 24. Rfe3 Rd8 25. Qe2 Qe6 26. Rd3 Rdc8 27. Red1 h6 28. Rd8+ Kh7 29. Rxc8 Qxc8 30. Qf3 Qe6 31. Nc1 Na4 32. Bd4 Rxc2 33. Nd3 Qc6 34. Qg3 Qe4 35. Nf2 Qe2 36. Qb3 Rd2 37. Qxf7 Rxd1+ 38. Nxd1 Qxd1+ 39. Bg1 Nc3 0-1

[Event "Villa Martelli Pro Am op 17th"]
[Site "Villa Martelli"]
[Date "2010.10.18"]
[Round "5"]
[White "Radoszta, Armando Esteban"]
[Black "Ricardi, Pablo"]
[Result "0-1"]
[WhiteElo "2076"]
[BlackElo "2517"]
[PlyCount "80"]
[EventDate "2010.10.10"]
[EventType "swiss"]
[EventRounds "9"]
[EventCountry "ARG"]
[SourceTitle "CBM 138 Extra"]
[Source "ChessBase"]
[SourceDate "2010.10.29"]
[SourceVersion "1"]
[SourceVersionDate "2010.10.29"]
[SourceQuality "1"]

1. e4 c5 2. Nf3 e6 3. d4 cxd4 4. Nxd4 Nf6 5. Nc3 Nc6 6. a3 d5 7. exd5 Nxd5 8. Nxc6 bxc6 9. Bd2 Qb6 10. b3 Be7 11. Nxd5 cxd5 12. Bc3 0-0 13. Be2 Ba6 14. 0-0 Rac8 15. Bxa6 Rxc3 16. Be2 Rfc8 17. Ra2 Qc5 18. b4 Qc7 19. Bd3 g6 20. Qe2 Bd6 21. h3 e5 22. Re1 e4 23. Ba6 Rd8 24. Bb5 Qe7 25. Qd2 Qe5 26. g3 Bc7 27. Re3 Rxe3 28. Qxe3 Bb6 29. Qb3 d4 30. Bf1 d3 31. cxd3 Qxg3+ 32. Bg2 Rxd3 33. Qa4 Qg5 34. Qc2 Bd4 35. Qe2 Qc1+ 36. Bf1 Qf4 37. Bg2 f5 38. Rc2 Kg7 39. a4 Ra3 40. Rd2 Ra1+ 0-1

[Event "Villa Martelli Pro Am op 17th"]
[Site "Villa Martelli"]
[Date "2010.10.15"]
[Round "4"]
[White "Wisniacki, Flavio"]
[Black "Radoszta, Armando Esteban"]
[Result "0-1"]
[WhiteElo "2257"]
[BlackElo "2076"]
[PlyCount "154"]
[EventDate "2010.10.10"]
[EventType "swiss"]
[EventRounds "9"]
[EventCountry "ARG"]
[SourceTitle "CBM 138 Extra"]
[Source "ChessBase"]
[SourceDate "2010.10.29"]
[SourceVersion "1"]
[SourceVersionDate "2010.10.29"]
[SourceQuality "1"]

1. c4 Nf6 2. Nc3 e6 3. d4 d5 4. cxd5 exd5 5. Qc2 c6 6. Bg5 Be7 7. e3 Nbd7 8. Bd3 0-0 9. Nge2 Re8 10. f3 Nf8 11. Bh4 b5 12. a4 b4 13. Na2 Qb6 14. Nac1 Ng6 15. a5 Qb7 16. Bf2 Be6 17. Nb3 Rac8 18. 0-0 Nf8 19. Nf4 Bd6 20. Bg3 Qe7 21. Ba6 Rc7 22. Nc5 Bc8 23. Rfe1 Bxc5 24. Bxc8 Bd6 25. Ba6 c5 26. dxc5 Bxc5 27. Qb3 Bxe3+ 28. Kh1 d4 29. Nd3 Rc5 30. Nxc5 Qxc5 31. Re2 Nh5 32. Be1 Re6 33. Bc4 Rf6 34. Bd5 Nf4 35. Bxb4 Qxd5 36. Qxd5 Nxd5 37. Bc5 Nf4 38. Rxe3 dxe3 39. Bxe3 a6 40. Rd1 g5 41. g3 N4e6 42. Kg2 h6 43. Rd6 Kg7 44. Kf2 Rf5 45. b4 Rb5 46. Bd2 Nc7 47. Bc3+ Kh7 48. Rf6 Kg8 49. Rxh6 Ng6 50. h4 Nd5 51. Ba1 gxh4 52. gxh4 Rxb4 53. h5 Rh4 54. Kg3 Nde7 55. Rxg6+ Nxg6 56. hxg6 Rc4 57. Bf6 fxg6 58. f4 Kf7 59. Bd8 Rc1 60. Bb6 Kf6 61. Kg4 Re1 62. Bc5 Rd1 63. Bb6 Rd5 64. Bc7 Ke6 65. Bb6 Rb5 66. Bd8 Kd7 67. Bb6 Rxb6 68. axb6 a5 69. Kg5 a4 70. Kxg6 a3 71. b7 Kc7 72. f5 a2 73. f6 a1Q 74. Kf7 Qe5 75. Kg6 Kd7 76. Kg7 Ke8 77. b8Q+ Qxb8 0-1

[Event "Villa Ballester Verano op 60th"]
[Site "Villa Ballester"]
[Date "2010.01.23"]
[Round "3"]
[White "Della Morte, German"]
[Black "Radoszta, Armando Esteban"]
[Result "1/2-1/2"]
[WhiteElo "2341"]
[BlackElo "2077"]
[PlyCount "84"]
[EventDate "2010.01.20"]
[EventType "swiss"]
[EventRounds "9"]
[EventCountry "ARG"]
[SourceTitle "CBM 134 Extra"]
[Source "ChessBase"]
[SourceDate "2010.03.03"]
[SourceVersion "1"]
[SourceVersionDate "2010.03.03"]
[SourceQuality "1"]

1. e4 c5 2. Nf3 Nc6 3. d4 cxd4 4. Nxd4 e6 5. Nc3 a6 6. Nxc6 bxc6 7. Bd3 Qc7 8. 0-0 Nf6 9. Qe2 d6 10. b3 Be7 11. Bb2 e5 12. Na4 0-0 13. c4 Bg4 14. f3 Be6 15. c5 Nd7 16. cxd6 Bxd6 17. Rac1 Rfc8 18. Rc2 a5 19. Rfc1 c5 20. Ba3 Qa7 21. Qf2 h6 22. Bc4 Nf8 23. Bd5 Bxd5 24. exd5 Nd7 25. Bxc5 Nxc5 26. Nxc5 Rd8 27. Na4 Qe7 28. Nb6 Rab8 29. Kh1 e4 30. fxe4 Qe5 31. g3 Qxe4+ 32. Kg1 Re8 33. Nc4 Bb4 34. a3 Be1 35. Qf4 Qxd5 36. Nd6 Red8 37. Rxe1 Rxd6 38. b4 axb4 39. axb4 Qd4+ 40. Qxd4 Rxd4 41. Rc7 Rdxb4 42. Ree7 Rf8 1/2-1/2

[Event "Villa Ballester Verano op 60th"]
[Site "Villa Ballester"]
[Date "2010.01.20"]
[Round "1"]
[White "Mendez, Nicolas"]
[Black "Radoszta, Armando Esteban"]
[Result "0-1"]
[WhiteElo "1772"]
[BlackElo "2077"]
[PlyCount "92"]
[EventDate "2010.01.20"]
[EventType "swiss"]
[EventRounds "9"]
[EventCountry "ARG"]
[SourceTitle "CBM 134 Extra"]
[Source "ChessBase"]
[SourceDate "2010.03.03"]
[SourceVersion "1"]
[SourceVersionDate "2010.03.03"]
[SourceQuality "1"]

1. e4 c5 2. Nf3 Nc6 3. d4 cxd4 4. Nxd4 Nf6 5. Nc3 e6 6. a3 a6 7. Be3 Qc7 8. Be2 b5 9. 0-0 Be7 10. Kh1 Bb7 11. f3 0-0 12. Na2 Rac8 13. Rc1 d5 14. Nxc6 Bxc6 15. exd5 Nxd5 16. Bg1 Bg5 17. Rb1 Ne3 18. Bxe3 Bxe3 19. Bd3 Bf4 20. g3 Be5 21. Qe2 Bf6 22. c3 Rfd8 23. Nb4 Bb7 24. Rbd1 Rd6 25. Qc2 h5 26. Be4 Rcd8 27. Bxb7 Qxb7 28. Kg2 Qd7 29. Rxd6 Qxd6 30. Qe2 h4 31. Nc2 hxg3 32. hxg3 Be5 33. f4 Bf6 34. Ne3 Qc6+ 35. Qf3 Rd2+ 36. Rf2 Qd6 37. Ng4 Bd8 38. Rxd2 Qxd2+ 39. Qf2 Qd6 40. Ne5 f6 41. Nf3 Bb6 42. Qd2 Qc6 43. Qe2 Kf7 44. Kh2 Qd5 45. Nd2 Qc5 46. Ne4 Qg1+ 0-1

[Event "Villa Martelli Pro Am op 16th"]
[Site "Villa Martelli"]
[Date "2009.10.19"]
[Round "4"]
[White "Radoszta, Armando Esteban"]
[Black "Anelli, Antonio"]
[Result "1/2-1/2"]
[WhiteElo "2075"]
[BlackElo "2176"]
[PlyCount "90"]
[EventDate "2009.10.15"]
[EventType "swiss"]
[EventRounds "9"]
[EventCountry "ARG"]
[SourceTitle "CBM 132 Extra"]
[Source "ChessBase"]
[SourceDate "2009.11.03"]
[SourceVersion "1"]
[SourceVersionDate "2009.11.03"]
[SourceQuality "1"]

1. e4 c5 2. Nf3 Nc6 3. d4 cxd4 4. Nxd4 Nf6 5. Nc3 d6 6. Bc4 Qb6 7. Nb3 e6 8. 0-0 Be7 9. Be3 Qc7 10. f4 a6 11. a4 b6 12. Qf3 Bb7 13. Qg3 g6 14. Bd3 Nb4 15. a5 b5 16. Bb6 Qc8 17. Rae1 d5 18. Kh1 dxe4 19. Nxe4 0-0 20. Nbc5 Bd5 21. f5 Nxd3 22. cxd3 Bxc5 23. Nxc5 exf5 24. Re7 Nh5 25. Qd6 Qc6 26. Qxc6 Bxc6 27. Kg1 Nf6 28. Rc7 Bd5 29. Re1 Rfe8 30. Ree7 Rxe7 31. Rxe7 Bc6 32. Rc7 Bd5 33. Kf1 f4 34. Ra7 Rc8 35. Nxa6 Ng4 36. Nc7 Rd8 37. Nxb5 Rc8 38. Rc7 Re8 39. h3 Ne5 40. Nd6 Re6 41. Bd4 f6 42. Bxe5 Rxe5 43. b4 Re3 44. Rc3 f3 45. gxf3 Rxf3+ 1/2-1/2

[Event "Villa Martelli Pro Am op 14th"]
[Site "Villa Martelli"]
[Date "2007.10.17"]
[Round "8.10"]
[White "Gibson, Tomas"]
[Black "Radoszta, Armando Esteban"]
[Result "1-0"]
[WhiteElo "2236"]
[BlackElo "2093"]
[PlyCount "143"]
[EventDate "2007.10.18"]
[EventType "swiss"]
[EventRounds "9"]
[EventCountry "ARG"]
[SourceTitle "EXT 2008"]
[Source "ChessBase"]
[SourceDate "2007.11.25"]
[SourceVersion "1"]
[SourceVersionDate "2007.11.25"]
[SourceQuality "1"]

1. d4 Nf6 2. c4 g6 3. Nc3 d5 4. e3 Bg7 5. Qb3 e6 6. Qa3 Qe7 7. Qxe7+ Kxe7 8. b3 Rd8 9. Ba3+ Ke8 10. Rc1 c6 11. Nf3 Nbd7 12. Bd3 Bf8 13. Bxf8 Kxf8 14. 0-0 dxc4 15. Bxc4 Nd5 16. Ne4 h6 17. a3 f5 18. Ned2 N7f6 19. Bxd5 exd5 20. Ne5 Kg7 21. b4 Bd7 22. Nb3 Ne4 23. Nc5 Nxc5 24. bxc5 Rac8 25. Rb1 Rc7 26. Rb4 Bc8 27. Ra4 a6 28. Rb4 g5 29. f4 Re8 30. Rb2 g4 31. h3 h5 32. hxg4 hxg4 33. Kf2 Rh8 34. Rbb1 Kf6 35. Rh1 Rch7 36. Rxh7 Rxh7 37. Nd3 Ke7 38. Kg3 Kf6 39. Nb2 Ke7 40. Nd1 Kf6 41. Nf2 Re7 42. Re1 Rg7 43. Nh1 Rh7 44. Kf2 Be6 45. Ng3 Rh8 46. Rh1 Rb8 47. Ke2 Bd7 48. Kd3 Be6 49. Kc3 a5 50. Ne2 b5 51. cxb6 Rxb6 52. Nc1 Kg7 53. Nb3 Rb5 54. Rb1 Bc8 55. Rb2 Ba6 56. Nc5 Rxb2 57. Kxb2 Bc4 58. g3 Kf6 59. Nb7 a4 60. Kc3 Ke7 61. Kb4 Ba6 62. Na5 Kd6 63. Kxa4 c5 64. Nb3 c4 65. Nc5 Bc8 66. Kb5 Kc7 67. a4 Bd7+ 68. Kb4 Bc8 69. a5 Kc6 70. Na4 Ba6 71. Nc3 Kd6 72. Na2 1-0

[Event "Villa Martelli Pro Am op 14th"]
[Site "Villa Martelli"]
[Date "2007.10.15"]
[Round "6.6"]
[White "Scarella, Enrique Alejandro"]
[Black "Radoszta, Armando Esteban"]
[Result "1-0"]
[WhiteElo "2344"]
[BlackElo "2093"]
[PlyCount "65"]
[EventDate "2007.10.18"]
[EventType "swiss"]
[EventRounds "9"]
[EventCountry "ARG"]
[SourceTitle "EXT 2008"]
[Source "ChessBase"]
[SourceDate "2007.11.25"]
[SourceVersion "1"]
[SourceVersionDate "2007.11.25"]
[SourceQuality "1"]

1. d4 d5 2. c4 c6 3. e3 Nf6 4. Nf3 e6 5. Bd3 Be7 6. 0-0 Nbd7 7. Nc3 dxc4 8. Bxc4 0-0 9. e4 b5 10. Bd3 b4 11. Na4 Qa5 12. Bg5 e5 13. Re1 Re8 14. Rc1 Bb7 15. Qb3 exd4 16. Bc4 Kh8 17. Bxf7 Rf8 18. e5 Ng8 19. Bxe7 Nxe7 20. e6 Nf6 21. Nc5 Qc7 22. Qxb4 Rab8 23. Qxd4 Rbd8 24. Qh4 Rd5 25. b4 Bc8 26. Rcd1 Rfd8 27. Rxd5 Rxd5 28. Ne4 Rf5 29. Nxf6 Rxf6 30. Ne5 h6 31. Qc4 Qb6 32. Qc5 Qd8 33. Nxc6 1-0

[Event "Buenos Aires-ch qual"]
[Site "Buenos Aires"]
[Date "2006.03.27"]
[Round "8.39"]
[White "Radoszta, Armando Esteban"]
[Black "Benko, Francisco"]
[Result "1/2-1/2"]
[WhiteElo "2135"]
[BlackElo "2063"]
[PlyCount "31"]
[EventDate "2006.03.21"]
[EventType "swiss"]
[EventRounds "9"]
[EventCountry "ARG"]
[SourceTitle "CBM 111 Extra"]
[Source "ChessBase"]
[SourceDate "2006.05.09"]
[SourceVersion "1"]
[SourceVersionDate "2006.05.09"]
[SourceQuality "1"]

1. d4 d5 2. Nf3 e6 3. c4 c5 4. e3 Nf6 5. Nc3 Nc6 6. a3 b6 7. Be2 Be7 8. 0-0 0-0 9. Ne5 Bb7 10. Qa4 Nxe5 11. dxe5 Ne4 12. Nxe4 dxe4 13. Rd1 Qc8 14. Bd2 Bc6 15. Qc2 Qc7 16. Bc3 1/2-1/2